| 000 | 00926cam a2200277 i 4500 | ||
|---|---|---|---|
| 001 | 37940 | ||
| 003 | Mx-PuUPA | ||
| 005 | 20240219101320.0 | ||
| 008 | 140415s1987 nyub jr 000 fdeng d | ||
| 020 | _a0553213164 | ||
| 040 |
_cMx-PuUPA _aMx-PuUPA _bspa _dMx-PuUPA _erda |
||
| 041 | 0 | _aeng | |
| 100 | 1 |
_aMontgomery, L.M., _eautor |
|
| 245 | 1 | 0 |
_aAnne of Windy Poplars / _cL.M. Montgomery |
| 250 |
_aBantam classic edition / _bSpecial collector's edition |
||
| 264 |
_aNew York, NY : _bBantam Books, _c1987 |
||
| 300 |
_a258 páginas, 16 páginas sin numerar : _bmapas ; _c16 cm |
||
| 336 |
_2rdacontent _atexto _btxt |
||
| 337 |
_2rdamedia _asin medio _bn |
||
| 338 |
_2rdacarrier _avolumen _bnc |
||
| 490 | 0 |
_aThe Anne of green gables novels ; _v4 |
|
| 600 | 1 | 4 |
_aShirley, Anne (Personaje ficticio) _vNovela juvenil |
| 942 |
_2ddc _cLI _h813.54 _iM734 |
||
| 999 |
_c37940 _d37940 |
||